Statistiques concernant Table de 13

Cliquez ici pour prendre le quiz!

Statistiques générales

  • Ce quiz a été pris 108 fois
  • Le résultat moyen est 15 sur 20

Statistiques - réponses

HintRéponse% Correct
13 x 113
100%
13 x 226
98%
13 x 339
98%
13 x 452
92%
13 x 565
90%
13 x 678
88%
13 x 8104
86%
13 x 791
86%
13 x 10130
82%
13 x 9117
80%
13 x 11143
78%
13 x 12156
73%
13 x 13169
69%
13 x 14182
63%
13 x 15195
55%
13 x 16208
51%
13 x 17221
49%
13 x 18234
49%
13 x 19247
45%
13 x 20260
41%

Distribution des résultats

Percentile par nombre de réponses

% des personnes avec chaque résultat

Votre développement - résultats

Vous n’avez pas pris ce quiz